Ciudad de Guadalajara 1998, este plano es de bolsillo.

Bibliographic Details
Corporate Author: Guía Roji, s.a
Format: Map
Language:Spanish
Published: México : Guía Roji, [1997]
Subjects:

MARC

Tag First Indicator Second Indicator Subfields
LEADER 00000cem a2200000 a 4500
001 in00001406538
005 20151020072743.0
007 aj canzn
008 851021s1997 mx a 1 spa
034 1 |a a  |b 25000 
035 |9 AHQ3479AM 
040 |d UtOrBLW 
052 |a 4414  |b G6 
090 |a G4414.G6 1998  |b .G8 
110 2 |a Guía Roji, s.a. 
245 1 0 |a Ciudad de Guadalajara 1998, este plano es de bolsillo. 
255 |a Scale 1:25,000. 
264 1 |a México :  |b Guía Roji,  |c [1997] 
264 4 |c ©1997 
300 |a 1 map :  |b color ;  |c 88 x 112 cm. 
336 |a cartographic image  |b cri  |2 rdacontent 
337 |a unmediated  |b n  |2 rdamedia 
338 |a sheet  |b nb  |2 rdacarrier 
500 |a Indexes on verso. 
500 |a Cartographic material. 
651 0 |a Guadalajara (Mexico)  |x Maps. 
948 |a c:JLG 
999 |a MARS 
999 f f |s a0b32649-3a50-399b-a1cd-9a15e7ab2d12  |i 44d340f6-5eee-343b-b720-87dcf5f65210  |t 0 
952 f f |p normal  |a Texas A&M University  |b College Station  |c Sterling C. Evans Library  |d Evans: Maps (2nd floor)  |t 0  |e G4414.G6 1998 .G8  |h Library of Congress classification  |i unmediated -- sheet  |m A14823718425 
998 f f |a G4414.G6 1998 .G8  |t 0  |l Evans: Maps (2nd floor)